Sebepresentace – nástroj sociální kompetence

Sociálno-psychologický koncept sebaprezentácie. Sebaprezentačné nedostatky a pochopenie.

Salvato in:
Dettagli Bibliografici
Autore principale: Novotná Březovská, Barbora
Natura: Capitolo di libro
Lingua:ceco
Soggetti:
Tags: Aggiungi Tag
Nessun Tag, puoi essere il primo ad aggiungerne!!

MARC

LEADER 00000naa a2200000 4500
001 0168195
005 20220720101240.4
041 0 |a cze 
044 |a CZ 
245 1 0 |a Sebepresentace – nástroj sociální kompetence  |c Barbora Novotná Březovská 
520 |a Sociálno-psychologický koncept sebaprezentácie. Sebaprezentačné nedostatky a pochopenie. 
610 2 0 |a komunikácia sociálna 
610 2 0 |a sebariadenie 
610 2 0 |a sebarealizácia 
610 2 0 |a sebakontrola 
610 2 0 |a komunikácia verbálna 
100 1 |a Novotná Březovská, Barbora